Η συναισθηματική νοημοσύνη των παιδιών : πώς να μεγαλώσουμε παιδιά με συναισθηματική νοημοσύνη : ένας πρακτικός οδηγός για γονείς
Αποθηκεύτηκε σε:
| Κύριος συγγραφέας: | |
|---|---|
| Άλλοι συγγραφείς: | , , |
| Μορφή: | Βιβλίο |
| Γλώσσα: | Greek English |
| Δημοσίευση: |
Αθήνα :
Πεδίο,
2011.
|
| Σειρά: | Συναισθηματική νοημοσύνη
|
| Θέματα: | |
| Ετικέτες: |
Προσθήκη ετικέτας
Δεν υπάρχουν, Καταχωρήστε ετικέτα πρώτοι!
|
MARC
| LEADER | 00000cam a2200000 i 4500 | ||
|---|---|---|---|
| 001 | 1/57394 | ||
| 008 | 141002s2011 gr | ||| |||| | gre|| | ||
| 020 | |a 9789609552004 | ||
| 035 | |l 10119342 | ||
| 040 | |a GR-MyUa |b gre |e AACR2 | ||
| 041 | 1 | |a gre |h eng | |
| 082 | 7 | |a 649.1 |2 (22) | |
| 100 | 1 | |a Gottman, John Mordechai. | |
| 245 | 1 | 2 | |a Η συναισθηματική νοημοσύνη των παιδιών : |b πώς να μεγαλώσουμε παιδιά με συναισθηματική νοημοσύνη : ένας πρακτικός οδηγός για γονείς / |c John Gottman ; συνεργάστηκε η Joan DeClaire ; μετάφραση: Χρύσα Ξενάκη ; επιστημονική επιμέλεια: Χρυσή Χατζηχρήστου. |
| 260 | |a Αθήνα : |b Πεδίο, |c 2011. | ||
| 300 | |a 268 σ. ; |c 24 εκ. | ||
| 490 | 1 | |a (Συναισθηματική νοημοσύνη) | |
| 500 | |a Τίτλος πρωτοτύπου: The heart of parenting. | ||
| 650 | 0 | |a Emotions in children. | |
| 650 | 0 | |a Emotions in adolescence. | |
| 650 | 0 | |a Child rearing. | |
| 650 | 0 | |a Parenting. | |
| 700 | 1 | |a DeClaire, Joan. | |
| 700 | 1 | |a Ξενάκη, Χρύσα, |e trlf | |
| 700 | 1 | |a Χατζηχρήστου, Χρυσή Γ. |e edtf | |
| 830 | 0 | |a Συναισθηματική νοημοσύνη | |
| 852 | |a INST |b RHODES |e 20141002 |h 649.1 GOT |p 005400036940 |q 005400036940 |t BK |y 0 | ||
| 901 | |a BIBL4-2014-3 | ||
| 922 | |a 4ΕΛΗ |b 201407 |c ΤΑΚ/ΤΕΠΑΕΣ |d BEST BOOK HUNTERS | ||
| 970 | |z 2014/10/02 | ||